000 00191 a2200097 4500
001 7592
100 _aWilkins,
245 _aAeroplane design
260 _a
_bGriffin
_c
090 _c6079
_d6079
942 _aNUST-CAE
_cM
_c32577
999 _c242665
_d242665